[Event "Miedzynarodowy Festiwal Szachowy VARSOVIA 2019 - grupa A"]
[Site "Warszawa"]
[Date "1899-12-30"]
[Round "8.15"]
[White "Smieszek, Wojciech"]
[Black "Malaczek, Mateusz"]
[Result "1-0"]
[WhiteTitle "k"]
[BlackTitle "II+"]
[WhiteElo "2140"]
[BlackElo "2028"]

1. e4 g6 2. d4 Bg7 3. Nc3 d6 4. Be3 a6 5. h4 Nf6 6. Be2 h5 7. Nh3 b5 8. Bf3 Ng4
9. Bg5 c6 10. Qd2 Qb6 11. O-O-O f6 12. Bf4 e5 13. dxe5 dxe5 14. Bxg4 Bxg4 15.
Qd6 Nd7 16. Be3 Qb7 17. f3 Bxh3 18. gxh3 O-O-O 19. Rhg1 Rhe8 20. Qd2 Nf8 21. Qf2
Rxd1+ 22. Nxd1 Qf7 23. b3 f5 24. Qd2 f4 25. Bf2 Qc7 26. Nb2 Re6 27. Nd3 Nd7 28.
Qc3 Bf8 29. Rd1 Rd6 30. Be1 Rd4 31. Qb2 Rd6 32. Bc3 Re6 33. Rg1 Be7 34. Kb1 Bxh4
35. Qa3 Kb7 36. Ba5 Qd6 37. Bb4 Qc7 38. Rd1 Bd8 39. Bc5 Qa5 40. Qb2 Be7 41. b4
Qc7 42. Bf2 g5 43. Qb3 Rf6 44. Qg8 Rf8 45. Qg7 Qd6 46. Nc5+ 1-0

[Event "Miedzynarodowy Festiwal Szachowy VARSOVIA 2019 - grupa A"]
[Site "Warszawa"]
[Date "1899-12-30"]
[Round "8.16"]
[White "Luczak, Filip"]
[Black "Szewczyk, Mariusz"]
[Result "0-1"]
[WhiteTitle "CM"]
[BlackTitle "I++"]
[WhiteElo "2137"]
[BlackElo "2022"]

1. d4 d5 2. c4 c6 3. Nc3 Nf6 4. Nf3 a6 5. c5 b5 6. Bf4 g6 7. e3 Bg7 8. Bd3 O-O
9. h3 Re8 10. Ne5 Nfd7 11. Nf3 e5 12. Nxe5 Nxe5 13. Bxe5 Bxe5 14. dxe5 Nd7 15.
a4 Nxc5 16. axb5 Qg5 17. Kf1 Nxd3 18. Qxd3 Bf5 19. Qd4 axb5 20. Rd1 Qe7 21. g4
Bc2 22. Rc1 Bb3 23. f4 b4 24. Ne2 Bc4 25. Rxc4 dxc4 26. Qxc4 Qe6 27. Qxb4 Qd5
28. e4 Qd1+ 29. Qe1 Qxe1+ 30. Kxe1 Ra1+ 0-1

[Event "Miedzynarodowy Festiwal Szachowy VARSOVIA 2019 - grupa A"]
[Site "Warszawa"]
[Date "1899-12-30"]
[Round "8.17"]
[White "Malicka, Maria"]
[Black "Wikar, Martyna"]
[Result "1/2-1/2"]
[WhiteTitle "WCM"]
[BlackTitle "k+"]
[WhiteElo "2104"]
[BlackElo "1978"]

1. e4 c5 2. Nf3 Nc6 3. d4 cxd4 4. Nxd4 Nf6 5. Nc3 e5 6. Ndb5 d6 7. Bg5 a6 8. Na3
b5 9. Nd5 Be7 10. Bxf6 Bxf6 11. c3 Bg5 12. Nc2 Rb8 13. a4 bxa4 14. Ncb4 Bd7 15.
Bxa6 Nxb4 16. Nxb4 Qa5 17. Qxd6 Rb6 18. Qd3 Be6 19. O-O O-O 20. Bc4 Rd8 21. Bd5
Bxd5 22. exd5 Be7 23. Qc2 Bxb4 24. Rxa4 Qc5 25. Qe4 Qxd5 26. Rxb4 Qxe4 27. Rxe4
Rxb2 28. Rxe5 Rc2 29. Rc5 g6 30. g3 1/2-1/2

[Event "Miedzynarodowy Festiwal Szachowy VARSOVIA 2019 - grupa A"]
[Site "Warszawa"]
[Date "1899-12-30"]
[Round "8.18"]
[White "Starosta, Martyna"]
[Black "Praczukowski, Stanislaw"]
[Result "1-0"]
[WhiteTitle "WCM"]
[BlackTitle "k"]
[WhiteElo "2019"]
[BlackElo "2078"]

1. e4 c6 2. d4 d5 3. Nc3 dxe4 4. Nxe4 Bf5 5. Ng3 Bg6 6. h4 h6 7. Nf3 e6 8. h5 Bh7
9. Bd3 Bxd3 10. Qxd3 Nf6 11. Bd2 c5 12. O-O-O Nc6 13. Be3 Qa5 14. Qb3 Qb4 15.
Qxb4 cxb4 16. Ne5 Rc8 17. Ne2 Be7 18. Nf4 O-O 19. Nfd3 Nd5 20. Rh3 Nxe3 21. fxe3
Nxe5 22. Nxe5 Rfd8 23. Rf3 Bf6 24. Nd3 a5 25. Nf2 Rc7 26. Ne4 Be7 27. Rd2 Rdc8
28. Kd1 b6 29. Rdf2 f5 30. Ng3 Bh4 31. Rd2 a4 32. Ne2 Bf6 33. Nf4 Re8 34. b3 a3
35. d5 exd5 36. Nxd5 Rc6 37. Nxb4 Rc5 38. Nd5 Bg5 39. Rd3 Re4 40. g3 Kh7 41. Nxb6
Rg4 42. Nc4 Bf6 43. Nxa3 Ra5 44. Nc4 Rxa2 45. Nd6 Ra1+ 46. Kd2 g6 47. hxg6+ Kxg6
48. Nxf5 Bb2 49. Rd6+ Kh7 50. Rd7+ Kg6 51. Nh4+ Kh5 52. Ng2 Rg5 53. Ke2 Rc1 54.
Rc7 Kg4 55. Rc4+ Kh3 56. Ne1 Rg4 57. Rff4 h5 58. Nd3 Rxf4 59. exf4 Rb1 60. Nxb2
Rxb2 61. Kf2 Kg4 62. Rc5 Ra2 63. Rg5+ Kh3 64. Rxh5+ Kg4 65. Rg5+ Kh3 66. Kf3 Ra4
67. Rh5# 1-0

[Event "Miedzynarodowy Festiwal Szachowy VARSOVIA 2019 - grupa A"]
[Site "Warszawa"]
[Date "1899-12-30"]
[Round "8.19"]
[White "Czechowski, Jakub"]
[Black "Goraj, Barbara"]
[Result "0-1"]
[WhiteTitle "I+"]
[BlackTitle "WCM"]
[WhiteElo "1963"]
[BlackElo "2044"]

1. d4 Nf6 2. c4 g6 3. Nc3 Bg7 4. e4 d6 5. f3 O-O 6. Be3 a6 7. Qd2 c5 8. d5 Nbd7
9. Nge2 Ne5 10. Ng3 h5 11. Be2 h4 12. Nf1 b5 13. cxb5 axb5 14. Nxb5 Ba6 15. Na3
c4 16. Bd4 Nd3+ 17. Bxd3 cxd3 18. Qf2 e6 19. dxe6 fxe6 20. Nd2 Ng4 21. Qg1 Ne5
22. Qe3 Kh7 23. O-O Bh6 24. f4 Nc6 25. Bc3 d5 26. Nb3 d4 27. Nxd4 Nxd4 28. Bxd4
d2 29. Qxd2 Bxf1 30. Rxf1 Bxf4 31. Qb4 Qc7 32. g3 Bd6 0-1

[Event "Miedzynarodowy Festiwal Szachowy VARSOVIA 2019 - grupa A"]
[Site "Warszawa"]
[Date "1899-12-30"]
[Round "8.20"]
[White "Karwacki, Piotr"]
[Black "Rudzinska, Michalina"]
[Result "0-1"]
[WhiteTitle "I"]
[BlackTitle "WFM"]
[WhiteElo "1952"]
[BlackElo "2005"]

1. e4 c5 2. Nf3 e6 3. Nc3 a6 4. d4 cxd4 5. Nxd4 Qc7 6. Be2 Nf6 7. a3 Be7 8. Be3
d6 9. f4 b5 10. Bf3 Bb7 11. Qe2 Nbd7 12. g4 Nb6 13. e5 Nfd5 14. exd6 Bxd6 15.
Ncxb5 axb5 16. Nxb5 Qd8 17. c4 Nxc4 18. Qxc4 Nxe3 19. Nxd6+ Qxd6 20. Qb5+ Kf8
21. Qxb7 Nc2+ 22. Ke2 Nd4+ 23. Kf2 Rb8 24. Qe4 Rxb2+ 25. Kg3 Nxf3 26. Qxf3 e5
27. fxe5 Qxe5+ 28. Kh3 h5 29. Rab1 hxg4+ 30. Kxg4 Qd4+ 31. Kg5 f6+ 32. Kf5 Qe5+
33. Kg4 Qg5# 0-1

[Event "Miedzynarodowy Festiwal Szachowy VARSOVIA 2019 - grupa A"]
[Site "Warszawa"]
[Date "1899-12-30"]
[Round "8.21"]
[White "Bugajski, Robert"]
[Black "Falkowski, Dawid"]
[Result "1-0"]
[WhiteTitle "FM"]
[BlackTitle "k"]
[WhiteElo "2203"]
[BlackElo "1957"]

1. c4 g6 2. g3 Bg7 3. Bg2 c5 4. Nf3 Nc6 5. O-O e5 6. Nc3 Nge7 7. d3 O-O 8. a3 d6
9. Rb1 a5 10. Ne1 Be6 11. Nd5 Bxd5 12. cxd5 Nd4 13. e3 Nb5 14. Bd2 Nc7 15. e4
Nb5 16. Nc2 Nd4 17. b4 axb4 18. Nxd4 exd4 19. axb4 Qd7 20. bxc5 dxc5 21. Qb3 Rfb8
22. Bf4 1-0

[Event "Miedzynarodowy Festiwal Szachowy VARSOVIA 2019 - grupa A"]
[Site "Warszawa"]
[Date "1899-12-30"]
[Round "8.22"]
[White "Siekanska, Maria"]
[Black "Jurkiewicz, Krzysztof"]
[Result "1-0"]
[WhiteTitle "I++"]
[BlackTitle "k"]
[WhiteElo "1773"]
[BlackElo "2023"]

1. d4 Nf6 2. c4 g6 3. Nc3 Bg7 4. e4 d6 5. Nf3 O-O 6. Be2 e5 7. O-O exd4 8. Nxd4
Re8 9. f3 Nc6 10. Be3 Nh5 11. f4 Nf6 12. Bf3 Bd7 13. Qd2 Ng4 14. Nxc6 bxc6 15.
Bd4 Bxd4+ 16. Qxd4 Qb8 17. Rab1 Qb6 18. c5 Qxc5 19. Qxc5 dxc5 20. Rbd1 Re7 21.
Rxd7 Rxd7 22. Bxg4 Rd2 23. Rf2 Rad8 24. Na4 c4 25. e5 c3 26. Nxc3 Rxf2 27. Kxf2
Rd2+ 28. Kg3 Rxb2 29. e6 f5 30. Bd1 Kf8 31. Bb3 Ke7 32. Kf3 Kd6 33. Na4 Rd2 34.
Nc5 Ke7 35. h3 Rb2 36. g4 Rb1 37. Nd3 a5 38. gxf5 gxf5 39. Ne5 Rc1 40. Bc4 Rc3+
41. Kg2 Kd6 42. Bb3 Ke7 43. h4 Kf6 44. Kf2 Rc1 45. Ke3 Re1+ 46. Kd2 Re4 47. Nxc6
a4 48. Bd5 Rxe6 49. Bxe6 Kxe6 50. Ke3 Kd5 51. Nd4 Kc4 52. Nxf5 Kc3 53. Nd4 Kb2
54. f5 c5 55. Nb5 c4 56. f6 c3 57. Nxc3 Kxc3 58. f7 Kb2 59. f8=Q Kxa2 60. Qb4
1-0

[Event "Miedzynarodowy Festiwal Szachowy VARSOVIA 2019 - grupa A"]
[Site "Warszawa"]
[Date "1899-12-30"]
[Round "8.23"]
[White "Jarocka, Liwia"]
[Black "Harazinska, Magdalena"]
[Result "1/2-1/2"]
[WhiteTitle "FM"]
[BlackTitle "WFM"]
[WhiteElo "1907"]
[BlackElo "1994"]

1. e4 c5 2. Nf3 d6 3. d4 cxd4 4. Nxd4 Nf6 5. Nc3 a6 6. Be3 Ng4 7. Bc1 Nf6 8. Be3
Ng4 9. Bc1 Nf6 10. Be3 Ng4 11. Bc1 Nf6 12. Be3 Ng4 1/2-1/2

[Event "Miedzynarodowy Festiwal Szachowy VARSOVIA 2019 - grupa A"]
[Site "Warszawa"]
[Date "1899-12-30"]
[Round "8.24"]
[White "Skurniak, Szymon"]
[Black "Hetzer, Volkhard"]
[Result "1/2-1/2"]
[WhiteTitle "I+"]
[BlackTitle ""]
[WhiteElo "2030"]
[BlackElo "1927"]

1. e4 e5 2. Nf3 Nc6 3. Bc4 Nf6 4. d3 Be7 5. Nc3 d6 6. O-O O-O 7. a4 Be6 8. Bxe6
fxe6 9. Ne2 Qd7 10. c3 a5 11. Ng3 h6 12. Be3 Rf7 13. h3 Raf8 14. Nh2 Nh7 15. Qg4
Bg5 16. Qe2 1/2-1/2

[Event "Miedzynarodowy Festiwal Szachowy VARSOVIA 2019 - grupa A"]
[Site "Warszawa"]
[Date "1899-12-30"]
[Round "8.25"]
[White "Derylo, Kamil"]
[Black "Zarebska, Lena"]
[Result "1-0"]
[WhiteTitle "I++"]
[BlackTitle "I++"]
[WhiteElo "1999"]
[BlackElo "1915"]

1. d4 Nf6 2. Nf3 g6 3. e3 Bg7 4. c4 O-O 5. Be2 d6 6. Nc3 Nbd7 7. O-O e5 8. Qc2
c6 9. Rd1 Qe7 10. b4 Re8 11. Bb2 Nf8 12. a4 e4 13. Nd2 Bf5 14. b5 h5 15. a5 a6
16. bxc6 bxc6 17. Ba3 h4 18. h3 g5 19. Rab1 N6d7 20. Rb7 Rab8 21. Rdb1 Rxb7 22.
Rxb7 Nh7 23. Ra7 Nhf6 24. Rxa6 Nb8 25. Rb6 Bf8 26. a6 Qa7 27. c5 d5 28. Qb3 Qa8
29. Qa4 Bc8 30. a7 Nbd7 31. Rxc6 Bb7 32. Bb5 g4 33. Rc7 Rc8 34. Rxc8 Qxc8 35.
c6 Ba8 36. cxd7 Nxd7 37. Qb3 Nf6 38. Bxf8 Kxf8 39. Be2 Kg7 40. hxg4 Nxg4 41. Bxg4
Qxg4 42. Qb8 Bc6 43. a8=Q Bxa8 44. Qxa8 h3 45. g3 Qh5 46. Qxd5 h2+ 47. Kh1 Qh6
48. Ncxe4 1-0

[Event "Miedzynarodowy Festiwal Szachowy VARSOVIA 2019 - grupa A"]
[Site "Warszawa"]
[Date "1899-12-30"]
[Round "8.26"]
[White "Janeczko, Jakub"]
[Black "Wielecki, Zygmunt"]
[Result "0-1"]
[WhiteTitle "I"]
[BlackTitle "k"]
[WhiteElo "1906"]
[BlackElo "2095"]

1. e4 c5 2. Nf3 e6 3. d4 cxd4 4. Nxd4 a6 5. Be2 Nc6 6. O-O Nge7 7. Nc3 Nxd4 8.
Qxd4 Nc6 9. Qd3 b5 10. a3 Bb7 11. Be3 Rc8 12. f4 Na5 13. b3 Qc7 14. Bd2 Nc6 15.
b4 Be7 16. e5 d5 17. exd6 Qxd6 18. Qxd6 Bxd6 19. Ne4 Be7 20. Bd3 Nd4 21. Rac1
Bxe4 22. Bxe4 Ne2+ 23. Kf2 Nxc1 24. Rxc1 Rc7 25. Bd3 O-O 26. g4 Bf6 27. g5 Bd4+
28. Kf3 f5 29. h4 Kf7 30. h5 g6 31. h6 Rd8 32. Rf1 Ke7 33. Rd1 Rd6 34. Rf1 Kd7
35. Rd1 Rcc6 36. Rf1 e5 37. fxe5 Bxe5 38. Be3 Rxd3 39. cxd3 Rc3 40. d4 Bxd4 41.
Re1 Rxa3 42. Kf4 Rxe3 43. Rxe3 Bxe3+ 44. Kxe3 a5 45. bxa5 b4 46. a6 Kc6 47. Kf4
b3 48. Ke5 b2 49. a7 Kb7 50. a8=Q+ Kxa8 51. Kf6 b1=Q 52. Kg7 Qb7+ 53. Kh8 f4 54.
Kg8 f3 55. Kh8 f2 56. Kg8 f1=Q 57. Kh8 Qf8# 0-1